Staaten anhand der Form erraten #2 - Statistiken

Allgemein
  • Dieses Quiz wurde 86 mal gespielt
  • Das Durchschnittsergebnis liegt bei 10 aus 12
Antwortstatistiken
Bildquiz Antwort % Korrekt
Indien
96%
Ägypten
95%
Spanien
95%
Japan
92%
Mexiko
90%
Neuseeland
90%
Ukraine
86%
Mongolei
81%
Iran
73%
Peru
71%
Sudan
70%
Südkorea
62%
Keine übereinstimmenden Quizze gefunden
Verteilung der Resultate
Anzahl Personen mit jedem Resultat
Perzentil nach korrekt beantworteten Fragen
Ihre Resultats-Entwicklung
Sie haben dieses Quiz noch nicht gespielt